000 00591nam a2200229Ia 4500
003 OSt
005 20220918174004.0
006 a|||||r|||| 00| 0
007 ta
008 220917b |||||||| |||| 00| 0 eng d
024 _a9,645
037 _cTextual
040 _aARTS
_cARTS
_beng
041 _2eng
_aeng
082 _aM1, G4
100 _aDoust L A.
_948713
245 0 _aManual on lettering and lay out including illuminating and book decoration
260 _c1934
650 _aINDUSTRIAL ARTS
942 _hM1, G4
_cTEXL
_2CC
999 _c151283
_d151283